| 000 | 00811cam a2200253 a 4500 | ||
|---|---|---|---|
| 001 | 000011402 | ||
| 005 | 20200929162437.0 | ||
| 008 | 780629s1976 sp b 001 0 spa | ||
| 015 | _aSp77-Apr | ||
| 020 | _a8432503231 | ||
| 040 |
_aDO-SdBNP _bspa _cDLC _dBNPHU |
||
| 082 |
_a320.946 _bB465ó, 1976 |
||
| 100 | 1 |
_aBeneyto Pérez, Juan. _d1907- _927027 |
|
| 245 | 1 | 4 |
_aLos orígenes de la ciencia política en España / _cJuan Beneyto Pérez. |
| 250 | _a2a. ed. | ||
| 260 |
_aMadrid : _bDoncel, _c1976. |
||
| 300 |
_a365 p. ; _c18 cm. |
||
| 490 | 1 |
_aEl Libro de bolsillo Doncel _v103 |
|
| 504 | _aIncluye bibliografía e índice. | ||
| 650 | 4 |
_aCiencia política _zEspaña _xHistoria _927028 |
|
| 830 | 3 |
_aEl Libro de bolsillo Doncel ; _v103 _98628 |
|
| 910 | _aCatalogación por copia / LC | ||
| 049 | _aBNGR | ||
| 999 |
_c11108 _d11108 |
||